Emoji Quiz #25 - Statistics

General Stats
  • This quiz has been taken 22 times
  • The average score is 21 of 25
Answer Stats
Hint Answer % Correct
🩸 drop of {blood}
100%
🪚 carpentry {saw}
95%
💊 {pill}
95%
💣 {bomb}
90%
🪃 {boomerang}
90%
⛓️‍💥 broken {chain}
90%
🔪 kitchen {knife}
90%
🧲 {magnet}
90%
🔬 {microscope}
90%
🔭 {telescope}
90%
🔫 {water} pistol
90%
🏹 {bow} and {arrow}
86%
🪝 {hook}
86%
🛡️ {shield}
86%
☎️ {telephone}
86%
🩼 {crutch}
81%
🫙 {jar}
81%
🪜 {ladder}
81%
🔗 {link}
81%
🩹 adhesive {bandage}
71%
🗡️ {dagger}
67%
📿 prayer {beads}
67%
🧰 {toolbox}
67%
🦯 white {cane}
62%
⚖️ hanging {scales}
57%
No matching quizzes found
Score Distribution
Percent of People with Each Score
Percentile by Number Answered
Your Score History
You have not taken this quiz